000 01638nam a2200445 i 4500
001 54067
003 KOSZ 005
005 20200814112325.0
008 070809s2006 pl f |000 0 pol d
040 _cKOSZ 005
_aKOSZ005
_dKOSZ 005/HR
041 0 _apol
_beng
046 _k2006
080 _a532/533
080 _a54-185
080 _a66.045.1
080 _a621.644
245 0 0 _aWykorzystanie metod analizy obrazu do oceny nierówności przepływu gaz-ciecz w elementach płaszczowo-rurowego wymiennika ciepła :
_bpraca zbiorowa /
_cpod red. Romana Ulbricha.
260 _aOpole :
_bOficyna Wydawnicza Politechniki Opolskiej,
_c2006.
300 _a199 s. :
_bil. (w tym kolor.) ;
_c24 cm
336 _2rdacontent
_aTekst
_btxt
337 _2rdamedia
_aBez urządzenia pośredniczącego
_bn
338 _2rdacarier
_aWolumin
_bnc
380 _aKsiążki
380 _aPublikacje naukowe
388 _a2001-
490 1 _aStudia i Monografie / Politechnika Opolska,
_x1429-6063 ;
_vz. 197
504 _aBibliogr. przy pracach.
546 _aStreszcz. ang. przy pracach.
650 7 _aPrzepływ
650 7 _aMieszaniny
650 7 _aMechanika płynów
650 4 _aRury
650 4 _aWymiennik ciepła
658 _aInżynieria i technika
700 1 _aUlbrich, Roman
_d(1952- )
_eRedakcja
710 2 _aOficyna Wydawnicza Politechniki Opolskiej
_4pbl.
830 0 _aStudia i Monografie - Politechnika Opolska
_vz. 197
856 _uhttp://koha.tu.koszalin.pl/cgi-bin/koha/opac-detail.pl?biblionumber=54067
_yKatalog online BPK
942 _cKS
_2UKD
999 _c54067
_d54067